Plan de manejo del Parque Nacional Natural Corales del Rosario (Registro nro. 9718)

Detalles MARC
000 -CABECERA
Campo de control 006760000a22001810004500
090 ## - CLASIFICACIÓN LOCAL
Colección AR
Consecutivo 00626
041 0# - IDIOMA
Código de idioma para texto/pista de sonido o título separado
100 1# - ASIENTO PRINCIPAL--NOMBRE PERSONAL
Nombre personal Alvarado Chacón, Elvira María
245 10 - MENCION DE TITULO
Título Plan de manejo del Parque Nacional Natural Corales del Rosario
650 14 - ASIENTO SECUNDARIO DE MATERIA - TERMINO TEMATICO
Término temático o nombre geográfico como elemento de entrada Areas protegidas
650 14 - ASIENTO SECUNDARIO DE MATERIA - TERMINO TEMATICO
Término temático o nombre geográfico como elemento de entrada Planes de manejo
650 14 - ASIENTO SECUNDARIO DE MATERIA - TERMINO TEMATICO
Término temático o nombre geográfico como elemento de entrada Conservación de los recursos naturales
651 #4 - ASIENTO SECUNDARIO DE MATERIA - NOMBRE GEOGRAFICO
-- Parque Nacional Natural Corales del Rosario
-- Bolivar
-- Colombia
700 1# - ASIENTO SECUNDARIO - NOMBRE PERSONAL
Nombre personal Pinilla A., Gabriel Antonio
700 1# - ASIENTO SECUNDARIO - NOMBRE PERSONAL
Nombre personal León Sicard, Tomas Enrique
773 1# - Item fuente:
Título Seminario Nacional en Ciencias y Tecnologías del Mar
Especificación de materiales 245
Paginas del Articulo 1-9
Lugar, editorial y fecha de publicación 1990
942 ## - ELEMENTOS ADICIONALES (KOHA)
Tipo de ítem Artículo
Existencias
Withdrawn status Lost status Damaged status No para préstamo Colección Ubicación Permanente Ubicación actual Fecha de adquisición Fuente de Valor Datos de publicación Seriada Total Checkouts Número topográfico Inventario / Código de Barras Date last seen Ejemplar Price effective from Forma de adquisición Tipo de material
      No para Préstamo Hemeroteca Bogotá Bogotá 27/02/2015 Instituto de Ciencias Naturales Fuera de circulación   AR 00626 010942 25/03/2015 1 25/03/2015   Artículo